Devine la série en 3 mots #3 - Statistiques

Statistiques générales
  • Ce quiz a été pris 161 fois
  • Le résultat moyen est 5 sur 10
Statistiques - réponses
3 mots Série % Correct
Évasion, Frères, Justice Prison Break
94%
Diable, Enquête, Charme Lucifer
83%
Lycée, Meurtre, Luxe Elite
58%
Héros, Ville, Arc Arrow
49%
Voisinage, Secrets, Drame Desperate Housewives
45%
Technologie, Futur, Dystopie Black Mirror
34%
Richesse, Secrets, Scandale Gossip Girl
28%
Post-apocalypse, Aventure, Survie The 100
27%
Adolescence, Drame, Mystère 13 Reasons Why
18%
Famille, Super-pouvoirs, Chaos The Umbrella Academy
15%
Aucun quiz correspondant
Distribution des résultats
% des personnes avec chaque résultat
Percentile par nombre de réponses
Votre historique - résultats
Vous n’avez pas pris ce quiz